01324 a2200181 45000010006000000050017000060080041000230030015000640400040000790800046001192450060001650200018002252640052002433000019002955050785003141000023010997000020011222744120260407155549.0260407a1972 arg spa dAR-UNSa-BCEJYS aAR-UNSa-BCEJYSbspacAR-UNSa-BCEJYS a658.51xOrganización de la producción10aAdministración de producciónpsistemas y síntesis a0-13-005108-X 1aNew Jersey :bPrentice/Hall Internacionalc1972 a540 p.c24 cm. aParte I: Modelos del sistema de producción: 1. El concepto de sistemas - 2. Modelos del sistema - 3. Modelos de decisión - 4. Modelos de planeación de proyectos - 5. Modelos de control: pronóstico y retroalimentación - Parte II: Administración de entrada - Salida: 6. Administración de la infromación - 7. Administración del producto - 8. Administración del proceso - 9. Administración de materiales - 10. Administración de la calidad - 11. Administración de instalaciones: planta y equipo - 12. Administración de mano de obra - Parte III: Sintesis de sistemas: 13. Breve historia de la administración de producción - 14. El contexto financiero de las decisiones en la administración de producción - 15. La interacción mercadeo- producción.1 aStarr, Martín K.1 aPardo R., Jaime